Schnelle Mathematik - Potenzrechnen Level 14 - Statistiken

Allgemein
  • Dieses Quiz wurde 53 mal gespielt
  • Das Durchschnittsergebnis liegt bei 12 aus 20
Antwortstatistiken
Zahl Ergebnis % Korrekt
10⁵ 100000
100%
10⁶ 1000000
100%
12² 144
100%
11⁵ 161051
100%
2¹⁴ 16384
100%
2¹¹ 2048
100%
13³ 2197
100%
8⁵ 32768
100%
10⁴ 10000
80%
8⁴ 4096
80%
512
80%
11³ 1331
75%
14² 196
75%
12⁴ 20736
75%
2¹⁵ 32768
75%
3¹² 531441
75%
5⁴ 625
75%
7⁶ 117649
67%
11² 121
67%
2¹⁷ 131072
67%
5⁶ 15625
67%
3⁹ 19683
67%
3⁷ 2187
67%
4⁶ 4096
67%
9⁴ 6561
67%
2¹³ 8192
67%
3⁶ 729
60%
6⁴ 1296
50%
7⁵ 16807
50%
12³ 1728
50%
3¹¹ 177147
50%
4⁴ 256
50%
4⁹ 262144
50%
5⁵ 3125
50%
2¹² 4096
50%
6⁶ 46656
50%
2⁹ 512
50%
9⁶ 531441
50%
3¹⁰ 59049
50%
9⁵ 59049
50%
3⁸ 6561
50%
729
50%
216
40%
4⁵ 1024
33%
4⁷ 16384
33%
13² 169
33%
2¹⁸ 262144
33%
8⁶ 262144
33%
2¹⁶ 65536
25%
10³ 1000
0%
2¹⁰ 1024
0%
11⁴ 14641
0%
5⁹ 1953125
0%
7⁴ 2401
0%
343
0%
5⁸ 390625
0%
4⁸ 65536
0%
6⁵ 7776
0%
5⁷ 78125
0%
Keine übereinstimmenden Quizze gefunden
Verteilung der Resultate
Anzahl Personen mit jedem Resultat
Perzentil nach korrekt beantworteten Fragen
Ihre Resultats-Entwicklung
Sie haben dieses Quiz noch nicht gespielt